Umm-Ul-quran-e-azim (Record no. 5877)

MARC details
000 -LEADER
fixed length control field 00543nam a2200229 a 4500
020 ## - INTERNATIONAL STANDARD BOOK NUMBER
ISBN
082 00 - DEWEY DECIMAL CLASSIFICATION NUMBER
Classification number 297.86
Author Cutter ABD
100 ## - MAIN ENTRY--AUTHOR NAME
Author name Abddullah, Mohammad
245 ## - TITLE STATEMENT
Title Umm-Ul-quran-e-azim
260 ## - PUBLICATION, DISTRIBUTION, ETC. (IMPRINT)
Place of publication Badaun
Name of publisher No Publisher
Year of publication 0000
300 ## - PHYSICAL DESCRIPTION
Number of Pages 148p
500 ## - GENERAL NOTE
General note includes index and biblioraphy
650 ## - SUBJECT ADDED ENTRY--TOPICAL TERM
Topical Term Ahmadiyyah
942 ## - ADDED ENTRY ELEMENTS (KOHA)
Koha item type Books
700 1# -
-- Abddullah, Mohammad
Holdings
Collection code Home library Current library Date acquired Cost, normal purchase price Full call number Accession Number Koha item type
  Henry Martyn Institute Library Henry Martyn Institute Library 06/29/2007 100.00 297.86 ABD 05457 Books
                   Copyright © 2026 | Henry Martyn Institute | Hyderabad | TS-500052 | INDIA | Implemented by hmi.edu.in
Hit-Count:

Powered by Koha